[Event "Moscow Open 2018 AB"]
[Site "?"]
[Date "2018.02.02"]
[Round "7.8"]
[White "Fakhrutdinov, Timur"]
[Black "Boruchovsky, Avital"]
[Result "1/2-1/2"]
[BlackElo "2542"]
[WhiteElo "2417"]
[LiveChessVersion "1.4.8"]

1. e4 {[%clk 1:30:56]} c5 {[%clk 1:30:47]} 2. Nf3 {[%clk 1:31:20]} d6
{[%clk 1:31:11]} 3. d4 {[%clk 1:31:46]} cxd4 {[%clk 1:31:36]} 4. Nxd4
{[%clk 1:32:11]} Nf6 {[%clk 1:32:00]} 5. Nc3 {[%clk 1:32:37]} a6 {[%clk 1:32:26]}
6. Be2 {[%clk 1:33:02]} e5 {[%clk 1:32:46]} 7. Nb3 {[%clk 1:33:26]} Be7
{[%clk 1:33:00]} 8. O-O {[%clk 1:33:49]} O-O {[%clk 1:33:22]} 9. Be3
{[%clk 1:33:57]} Be6 {[%clk 1:33:27]} 10. Qd3 {[%clk 1:33:59]} Nbd7
{[%clk 1:33:02]} 11. Nd5 {[%clk 1:32:01]} Bxd5 {[%clk 1:33:22]} 12. exd5
{[%clk 1:32:25]} Rc8 {[%clk 1:33:49]} 13. c4 {[%clk 1:30:40]} Ne8
{[%clk 1:34:08]} 14. Qd2 {[%clk 1:15:21]} f5 {[%clk 1:34:28]} 15. f4
{[%clk 1:15:29]} Nef6 {[%clk 1:23:37]} 16. Rac1 {[%clk 1:09:09]} Ne4
{[%clk 1:21:35]} 17. Qb4 {[%clk 1:06:37]} b6 {[%clk 1:14:20]} 18. Nd2
{[%clk 1:01:09]} a5 {[%clk 1:11:30]} 19. Qb3 {[%clk 0:54:49]} Ndc5
{[%clk 1:07:15]} 20. Qc2 {[%clk 0:52:04]} Nxd2 {[%clk 1:06:22]} 21. Qxd2
{[%clk 0:50:03]} Ne4 {[%clk 1:06:23]} 22. Qd3 {[%clk 0:47:49]} exf4
{[%clk 1:06:10]} 23. Bxf4 {[%clk 0:42:17]} Bg5 {[%clk 1:04:45]} 24. Bxg5
{[%clk 0:29:16]} Qxg5 {[%clk 1:04:56]} 25. Bf3 {[%clk 0:28:55]} Nc5
{[%clk 1:02:12]} 26. Qd4 {[%clk 0:27:33]} Rce8 {[%clk 0:57:39]} 27. Rce1
{[%clk 0:25:40]} Qd8 {[%clk 0:55:40]} 28. b3 {[%clk 0:21:12]} Rxe1
{[%clk 0:55:39]} 29. Rxe1 {[%clk 0:21:37]} Re8 {[%clk 0:55:59]} 30. Rxe8+
{[%clk 0:20:08]} Qxe8 {[%clk 0:56:04]} 31. Kf2 {[%clk 0:19:56]} Qe5
{[%clk 0:42:22]} 32. Qxe5 {[%clk 0:13:18]} dxe5 {[%clk 0:42:46]} 33. g3
{[%clk 0:12:50]} Kf7 {[%clk 0:31:35]} 34. Ke3 {[%clk 0:13:06]} Kf6
{[%clk 0:31:15]} 35. Bd1 {[%clk 0:13:09]} g5 {[%clk 0:30:48]} 36. Bc2
{[%clk 0:13:14]} h5 {[%clk 0:30:34]} 37. h4 {[%clk 0:09:43]} Nb7 {[%clk 0:25:25]}
38. Bd1 {[%clk 0:06:28]} Nd6 {[%clk 0:22:52]} 39. Bc2 {[%clk 0:03:47]} g4
{[%clk 0:14:41]} 40. Bb1 {[%clk 0:31:55]} Nf7 {[%clk 0:40:41]} 41. a3
{[%clk 0:23:20]} Nd6 {[%clk 0:40:55]} 42. Bd3 {[%clk 0:22:03]} e4
{[%clk 0:40:31]} 43. Be2 {[%clk 0:21:11]} Ke5 {[%clk 0:40:47]} 44. b4
{[%clk 0:21:23]} axb4 {[%clk 0:33:47]} 45. axb4 {[%clk 0:21:16]} Ne8
{[%clk 0:30:21]} 46. Bd1 {[%clk 0:12:15]} Nc7 {[%clk 0:30:30]} 47. Bb3
{[%clk 0:09:47]} Na6 {[%clk 0:28:11]} 48. c5 {[%clk 0:09:32]} bxc5
{[%clk 0:23:30]} 49. b5 {[%clk 0:09:39]} Nb4 {[%clk 0:19:53]} 50. b6
{[%clk 0:09:42]} Kd6 {[%clk 0:20:17]} 51. Bc4 {[%clk 0:05:11]} Nd3
{[%clk 0:19:56]} 52. b7 {[%clk 0:03:11]} Kc7 {[%clk 0:20:19]} 53. Ba6
{[%clk 0:03:21]} Nb4 {[%clk 0:11:14]} 54. d6+ {[%clk 0:03:44]} Kb8
{[%clk 0:11:42]} 55. d7 {[%clk 0:03:58]} Nc6 {[%clk 0:12:08]} 56. Kf4
{[%clk 0:03:39]} Kc7 {[%clk 0:11:49]} 57. Kxf5 {[%clk 0:03:00]} e3
{[%clk 0:12:17]} 58. Ke4 {[%clk 0:02:22]} Nb8 {[%clk 0:12:42]} 59. Bc4
{[%clk 0:01:11]} Nxd7 {[%clk 0:13:04]} 60. Kxe3 {[%clk 0:01:25]} Kxb7
{[%clk 0:10:31]} 61. Bf7 {[%clk 0:01:17]} Kc6 {[%clk 0:10:02]} 62. Kf4
{[%clk 0:01:16]} Kd6 {[%clk 0:09:59]} 63. Bxh5 {[%clk 0:01:15]} Nf6
{[%clk 0:10:12]} 64. Bxg4 {[%clk 0:01:17]} c4 {[%clk 0:10:40]} 65. Bd1
{[%clk 0:00:37]} c3 {[%clk 0:10:56]} 66. Ke3 {[%clk 0:00:37]} Ke5
{[%clk 0:07:03]} 67. Bf3 {[%clk 0:00:56]} Ng8 {[%clk 0:06:57]} 68. Kd3
{[%clk 0:00:35]} Nh6 {[%clk 0:07:09]} 69. h5 {[%clk 0:00:40]} Kf6
{[%clk 0:07:21]} 70. Kxc3 {[%clk 0:00:41]} Nf5 {[%clk 0:07:45]} 1/2-1/2

[Event "Moscow Open 2018 AB"]
[Site "?"]
[Date "2018.02.02"]
[Round "7.9"]
[White "Drygalov, Sergey"]
[Black "Bocharov, Ivan"]
[Result "1/2-1/2"]
[BlackElo "2534"]
[WhiteElo "2412"]
[LiveChessVersion "1.4.8"]

1. d4 {[%clk 1:30:58]} Nf6 {[%clk 1:30:32]} 2. Nf3 {[%clk 1:31:16]} c5
{[%clk 1:30:25]} 3. d5 {[%clk 1:30:21]} b5 {[%clk 1:30:22]} 4. c4
{[%clk 1:29:14]} Bb7 {[%clk 1:28:10]} 5. Nbd2 {[%clk 1:26:13]} bxc4
{[%clk 1:16:34]} 6. e4 {[%clk 1:25:39]} g6 {[%clk 1:12:01]} 7. Qc2
{[%clk 1:22:06]} Bg7 {[%clk 1:10:30]} 8. Nxc4 {[%clk 1:20:45]} O-O
{[%clk 1:10:30]} 9. Bd3 {[%clk 1:19:39]} d6 {[%clk 1:09:49]} 10. O-O
{[%clk 1:18:33]} Nbd7 {[%clk 1:10:06]} 11. Bd2 {[%clk 1:16:33]} Qc7
{[%clk 1:05:28]} 12. h3 {[%clk 1:02:46]} Nh5 {[%clk 0:59:07]} 13. Rfe1
{[%clk 1:00:51]} Ba6 {[%clk 0:56:24]} 14. Rab1 {[%clk 0:54:45]} Bxc4
{[%clk 0:55:20]} 15. Bxc4 {[%clk 0:55:07]} Rab8 {[%clk 0:55:29]} 16. a4
{[%clk 0:42:11]} Ne5 {[%clk 0:51:06]} 17. Nxe5 {[%clk 0:39:12]} Bxe5
{[%clk 0:51:32]} 18. Bc3 {[%clk 0:31:47]} Bxc3 {[%clk 0:40:22]} 19. bxc3
{[%clk 0:31:47]} Rxb1 {[%clk 0:39:40]} 20. Rxb1 {[%clk 0:31:22]} Rb8
{[%clk 0:40:09]} 21. Rxb8+ {[%clk 0:24:34]} Qxb8 {[%clk 0:40:38]} 22. a5
{[%clk 0:24:17]} g5 {[%clk 0:30:32]} 23. g3 {[%clk 0:20:53]} Nf6 {[%clk 0:29:46]}
24. Kg2 {[%clk 0:19:05]} Nd7 {[%clk 0:20:20]} 25. Qa4 {[%clk 0:17:54]} Ne5
{[%clk 0:19:05]} 26. Qb5 {[%clk 0:18:13]} Qf8 {[%clk 0:15:31]} 27. Be2
{[%clk 0:14:04]} f5 {[%clk 0:15:05]} 28. exf5 {[%clk 0:13:35]} Qxf5
{[%clk 0:15:33]} 29. Qe8+ {[%clk 0:13:09]} Qf8 {[%clk 0:16:01]} 30. Qb5
{[%clk 0:12:45]} Qa8 {[%clk 0:13:49]} 31. c4 {[%clk 0:12:06]} Qf8
{[%clk 0:09:10]} 32. Qb1 {[%clk 0:06:00]} a6 {[%clk 0:08:38]} 33. Qe4
{[%clk 0:03:27]} Qf6 {[%clk 0:08:26]} 34. Bg4 {[%clk 0:02:57]} Nxg4
{[%clk 0:08:16]} 35. Qxg4 {[%clk 0:03:23]} Kf7 {[%clk 0:07:25]} 36. Qc8
{[%clk 0:02:43]} Qe5 {[%clk 0:07:21]} 37. Qxa6 {[%clk 0:02:54]} Qe4+
{[%clk 0:07:49]} 38. Kg1 {[%clk 0:03:17]} Qe1+ {[%clk 0:08:18]} 39. Kg2
{[%clk 0:03:42]} Qe4+ {[%clk 0:08:46]} 40. Kg1 {[%clk 0:34:00]} Qe1+
{[%clk 0:39:14]} 41. Kg2 {[%clk 0:34:25]} 1/2-1/2

[Event "Moscow Open 2018 AB"]
[Site "?"]
[Date "2018.02.02"]
[Round "7.10"]
[White "Urazayev, Arystanbek"]
[Black "Zakhartsov, Vladimir"]
[Result "0-1"]
[BlackElo "2472"]
[WhiteElo "2346"]
[LiveChessVersion "1.4.8"]

1. e4 {[%clk 1:30:56]} c5 {[%clk 1:30:56]} 2. Nf3 {[%clk 1:31:19]} g6
{[%clk 1:31:20]} 3. d4 {[%clk 1:29:58]} cxd4 {[%clk 1:31:43]} 4. Nxd4
{[%clk 1:30:25]} Bg7 {[%clk 1:32:08]} 5. c4 {[%clk 1:30:51]} Nc6 {[%clk 1:32:32]}
6. Be3 {[%clk 1:31:08]} Nf6 {[%clk 1:32:46]} 7. Nc3 {[%clk 1:31:34]} d6
{[%clk 1:33:08]} 8. Be2 {[%clk 1:31:39]} O-O {[%clk 1:33:29]} 9. O-O
{[%clk 1:31:23]} Nxd4 {[%clk 1:33:48]} 10. Bxd4 {[%clk 1:31:49]} Bd7
{[%clk 1:34:13]} 11. h3 {[%clk 1:31:29]} Bc6 {[%clk 1:33:40]} 12. Qc2
{[%clk 1:31:45]} a5 {[%clk 1:34:00]} 13. Rad1 {[%clk 1:31:17]} Rc8
{[%clk 1:33:51]} 14. c5 {[%clk 1:22:24]} Qe8 {[%clk 1:32:45]} 15. cxd6
{[%clk 1:16:40]} exd6 {[%clk 1:29:55]} 16. Bf3 {[%clk 1:12:04]} b5
{[%clk 1:28:08]} 17. Bxf6 {[%clk 0:59:24]} Bxf6 {[%clk 1:28:29]} 18. Bg4
{[%clk 0:59:38]} b4 {[%clk 1:24:24]} 19. Nd5 {[%clk 0:34:09]} Bxd5
{[%clk 1:24:43]} 20. Bxc8 {[%clk 0:29:01]} Bxe4 {[%clk 1:20:56]} 21. Qe2
{[%clk 0:28:36]} Bxg2 {[%clk 1:20:21]} 22. Qxe8 {[%clk 0:27:43]} Rxe8
{[%clk 1:20:50]} 23. Kxg2 {[%clk 0:27:35]} Rxc8 {[%clk 1:21:15]} 24. Rc1
{[%clk 0:22:30]} Rb8 {[%clk 1:19:56]} 25. b3 {[%clk 0:21:17]} Rb5
{[%clk 1:19:24]} 26. f4 {[%clk 0:19:56]} Bc3 {[%clk 1:18:46]} 27. Rcd1
{[%clk 0:17:18]} d5 {[%clk 1:18:54]} 28. f5 {[%clk 0:16:10]} d4 {[%clk 1:18:23]}
29. f6 {[%clk 0:13:18]} Kf8 {[%clk 1:16:57]} 30. Rf4 {[%clk 0:09:48]} Re5
{[%clk 1:17:08]} 31. Rd3 {[%clk 0:09:19]} Ke8 {[%clk 1:17:02]} 32. Kf3
{[%clk 0:05:53]} Kd7 {[%clk 1:16:30]} 33. Re4 {[%clk 0:04:54]} Rf5+
{[%clk 1:15:38]} 34. Rf4 {[%clk 0:04:55]} Ke6 {[%clk 1:15:47]} 35. Rxf5
{[%clk 0:03:31]} Kxf5 {[%clk 1:16:12]} 36. Ke2 {[%clk 0:03:47]} Kxf6
{[%clk 1:16:34]} 37. Rf3+ {[%clk 0:04:12]} Ke6 {[%clk 1:16:51]} 38. Kd3
{[%clk 0:04:09]} f5 {[%clk 1:16:45]} 39. Rf2 {[%clk 0:03:31]} g5 {[%clk 1:15:48]}
40. Re2+ {[%clk 0:33:23]} Kf6 {[%clk 1:46:12]} 41. Re8 {[%clk 0:33:13]} h5
{[%clk 1:46:18]} 42. Rh8 {[%clk 0:28:31]} h4 {[%clk 1:25:04]} 43. Rg8
{[%clk 0:28:38]} Ba1 {[%clk 1:25:19]} 44. Kc4 {[%clk 0:19:34]} Ke5
{[%clk 1:17:13]} 45. Rxg5 {[%clk 0:19:47]} Ke4 {[%clk 1:17:41]} 46. Rh5
{[%clk 0:02:49]} d3 {[%clk 1:17:51]} 47. Rxh4+ {[%clk 0:02:42]} f4
{[%clk 1:18:17]} 48. Rxf4+ {[%clk 0:01:40]} Kxf4 {[%clk 1:18:42]} 49. Kxd3
{[%clk 0:02:07]} Kg3 {[%clk 1:19:00]} 50. Kc4 {[%clk 0:01:33]} Bf6
{[%clk 1:19:18]} 51. Kb5 {[%clk 0:01:54]} Bd8 {[%clk 1:19:42]} 52. Ka4
{[%clk 0:02:21]} Kxh3 {[%clk 1:20:06]} 53. a3 {[%clk 0:02:48]} bxa3
{[%clk 1:20:24]} 0-1

[Event "Moscow Open 2018 AB"]
[Site "?"]
[Date "2018.02.02"]
[Round "7.11"]
[White "Bodnaruk, Anastasia"]
[Black "Nechaeva, Marina"]
[Result "1-0"]
[BlackElo "2421"]
[WhiteElo "2434"]
[LiveChessVersion "1.4.8"]

1. e4 {[%clk 1:30:58]} c6 {[%clk 1:29:09]} 2. d4 {[%clk 1:31:19]} d5
{[%clk 1:29:27]} 3. e5 {[%clk 1:31:41]} Bf5 {[%clk 1:29:53]} 4. g4
{[%clk 1:31:54]} Bd7 {[%clk 1:29:40]} 5. Nc3 {[%clk 1:31:41]} e6 {[%clk 1:28:20]}
6. Be3 {[%clk 1:31:51]} a6 {[%clk 1:28:00]} 7. Qd2 {[%clk 1:29:18]} c5
{[%clk 1:20:54]} 8. dxc5 {[%clk 1:26:18]} Qc7 {[%clk 1:19:18]} 9. O-O-O
{[%clk 1:24:29]} Bxc5 {[%clk 1:08:02]} 10. Bxc5 {[%clk 1:24:43]} Qxc5
{[%clk 1:08:29]} 11. f4 {[%clk 1:24:56]} Ne7 {[%clk 1:06:37]} 12. Nf3
{[%clk 1:23:37]} b5 {[%clk 0:56:19]} 13. Bd3 {[%clk 1:19:14]} Nbc6
{[%clk 0:46:30]} 14. Kb1 {[%clk 1:01:43]} Na5 {[%clk 0:31:53]} 15. Rhg1
{[%clk 0:55:34]} Rb8 {[%clk 0:31:19]} 16. f5 {[%clk 0:48:32]} Nc4
{[%clk 0:30:35]} 17. Bxc4 {[%clk 0:44:25]} Qxc4 {[%clk 0:31:01]} 18. f6
{[%clk 0:42:01]} gxf6 {[%clk 0:29:05]} 19. exf6 {[%clk 0:42:27]} b4
{[%clk 0:24:09]} 20. Ne2 {[%clk 0:41:54]} Ng6 {[%clk 0:19:18]} 21. h4
{[%clk 0:30:16]} h5 {[%clk 0:13:55]} 22. gxh5 {[%clk 0:28:08]} Rxh5
{[%clk 0:14:20]} 23. Ng3 {[%clk 0:27:39]} Rxh4 {[%clk 0:13:44]} 24. Nxh4
{[%clk 0:27:04]} Qxh4 {[%clk 0:14:10]} 25. Qf2 {[%clk 0:25:39]} Qf4
{[%clk 0:11:03]} 26. Qa7 {[%clk 0:23:27]} Rc8 {[%clk 0:10:55]} 27. Nh5
{[%clk 0:23:30]} Qc7 {[%clk 0:09:50]} 28. Qf2 {[%clk 0:22:30]} Qc5
{[%clk 0:07:08]} 29. Ng7+ {[%clk 0:20:58]} Kd8 {[%clk 0:06:54]} 30. Qxc5
{[%clk 0:16:23]} Rxc5 {[%clk 0:07:20]} 31. Rxg6 {[%clk 0:16:36]} fxg6
{[%clk 0:07:46]} 32. Rh1 {[%clk 0:16:56]} Ba4 {[%clk 0:05:54]} 1-0

[Event "Moscow Open 2018 AB"]
[Site "?"]
[Date "2018.02.02"]
[Round "7.12"]
[White "Dordzhieva, Dinara"]
[Black "Osmak, Iulija"]
[Result "1-0"]
[BlackElo "2375"]
[WhiteElo "2294"]
[LiveChessVersion "1.4.8"]

1. e4 {[%clk 1:17:53]} Nc6 {[%clk 1:30:54]} 2. Nf3 {[%clk 1:18:09]} d6
{[%clk 1:31:19]} 3. d4 {[%clk 1:18:11]} Nf6 {[%clk 1:31:44]} 4. Nc3
{[%clk 1:18:31]} g6 {[%clk 1:32:00]} 5. h3 {[%clk 1:14:47]} Bg7 {[%clk 1:32:03]}
6. Be3 {[%clk 1:14:49]} a6 {[%clk 1:30:32]} 7. Be2 {[%clk 1:10:28]} b5
{[%clk 1:29:15]} 8. a3 {[%clk 1:10:54]} O-O {[%clk 1:28:54]} 9. O-O
{[%clk 1:11:11]} Bb7 {[%clk 1:28:30]} 10. e5 {[%clk 1:00:00]} Nd7
{[%clk 1:24:56]} 11. e6 {[%clk 0:57:40]} fxe6 {[%clk 1:19:28]} 12. Ng5
{[%clk 0:57:29]} Rf6 {[%clk 1:17:40]} 13. Nce4 {[%clk 0:56:55]} Nf8
{[%clk 1:17:02]} 14. Nxf6+ {[%clk 0:55:01]} exf6 {[%clk 1:17:10]} 15. Nxe6
{[%clk 0:50:54]} Nxe6 {[%clk 1:17:36]} 16. d5 {[%clk 0:51:22]} f5
{[%clk 1:11:55]} 17. dxe6 {[%clk 0:35:43]} Bxb2 {[%clk 1:11:18]} 18. Rb1
{[%clk 0:36:08]} Bxa3 {[%clk 1:09:59]} 19. Bf3 {[%clk 0:36:31]} Qe7
{[%clk 1:08:57]} 20. Re1 {[%clk 0:33:46]} Rb8 {[%clk 1:04:24]} 21. Bd5
{[%clk 0:23:45]} Ne5 {[%clk 1:01:53]} 22. Bxb7 {[%clk 0:23:04]} Rxb7
{[%clk 1:02:08]} 23. Bf4 {[%clk 0:23:23]} Rb8 {[%clk 0:52:10]} 24. Bxe5
{[%clk 0:23:28]} dxe5 {[%clk 0:52:34]} 25. Rxe5 {[%clk 0:23:48]} Bd6
{[%clk 0:52:50]} 26. Re2 {[%clk 0:18:06]} Rd8 {[%clk 0:49:32]} 27. Qe1
{[%clk 0:17:46]} b4 {[%clk 0:49:44]} 28. Ra1 {[%clk 0:17:41]} f4 {[%clk 0:46:55]}
29. Re4 {[%clk 0:16:56]} f3 {[%clk 0:43:40]} 30. g3 {[%clk 0:16:32]} Rf8
{[%clk 0:42:01]} 31. Qd2 {[%clk 0:10:07]} Qf6 {[%clk 0:35:53]} 32. Rxa6
{[%clk 0:06:45]} Qf5 {[%clk 0:35:20]} 33. e7 {[%clk 0:06:23]} Qxe4
{[%clk 0:31:45]} 34. exf8=R+ {[%clk 0:05:44]} Kxf8 {[%clk 0:31:55]} 35. Ra1
{[%clk 0:05:13]} Kg7 {[%clk 0:29:07]} 36. Rd1 {[%clk 0:03:51]} Qf5
{[%clk 0:28:25]} 37. Kh2 {[%clk 0:03:18]} h5 {[%clk 0:28:34]} 38. Qd3
{[%clk 0:03:41]} Qf6 {[%clk 0:27:34]} 39. Qd4 {[%clk 0:02:28]} g5
{[%clk 0:27:24]} 40. Kg1 {[%clk 0:31:34]} Qxd4 {[%clk 0:56:18]} 41. Rxd4
{[%clk 0:32:01]} Kf6 {[%clk 0:54:52]} 42. Rd5 {[%clk 0:30:31]} Be5
{[%clk 0:53:57]} 43. g4 {[%clk 0:30:36]} hxg4 {[%clk 0:52:19]} 44. hxg4
{[%clk 0:31:02]} Bf4 {[%clk 0:50:40]} 45. Rb5 {[%clk 0:30:55]} Ke6
{[%clk 0:47:37]} 46. Rxb4 {[%clk 0:29:47]} Ke5 {[%clk 0:47:49]} 47. Kf1
{[%clk 0:28:33]} Bd2 48. Rc4 {[%clk 0:28:27]} Bf4 {[%clk 0:41:37]} 49. Rxc7
{[%clk 0:28:24]} Kd4 {[%clk 0:42:03]} 50. Rf7 {[%clk 0:27:56]} Ke4
{[%clk 0:42:22]} 51. c4 {[%clk 0:27:59]} Bd6 {[%clk 0:42:44]} 52. Rf5
{[%clk 0:28:25]} Bf4 {[%clk 0:41:28]} 53. c5 {[%clk 0:28:49]} Bb8
{[%clk 0:40:39]} 54. c6 {[%clk 0:29:16]} Bf4 {[%clk 0:40:59]} 55. Rxf4+
{[%clk 0:29:40]} Kxf4 {[%clk 0:41:25]} 56. c7 {[%clk 0:30:09]} 1-0

[Event "Moscow Open 2018 AB"]
[Site "?"]
[Date "2018.02.02"]
[Round "7.13"]
[White "Hojjatova, Aydan"]
[Black "Mirzoeva, Elmira"]
[Result "1-0"]
[BlackElo "2286"]
[WhiteElo "2336"]
[LiveChessVersion "1.4.8"]

1. e4 c5 2. Nf3 Nc6 3. Bb5 g6 4. Bxc6 bxc6 5. O-O Bg7 6. Re1 Rb8 7. c3 Nf6 8. e5
Nd5 9. d4 {[%clk 1:20:42]} cxd4 {[%clk 1:31:32]} 10. Qxd4 {[%clk 1:20:46]} Qb6
{[%clk 1:29:17]} 11. Qh4 {[%clk 1:17:23]} O-O {[%clk 1:26:52]} 12. Nbd2
{[%clk 1:13:32]} f6 {[%clk 1:20:39]} 13. Nc4 {[%clk 1:04:54]} Qc7
{[%clk 1:17:06]} 14. exf6 {[%clk 1:01:35]} exf6 {[%clk 1:16:19]} 15. Ne3
{[%clk 0:54:22]} Nxe3 {[%clk 1:04:11]} 16. Bxe3 {[%clk 0:49:29]} d6
{[%clk 0:35:07]} 17. Qg3 {[%clk 0:44:28]} Rxb2 {[%clk 0:27:52]} 18. Bf4
{[%clk 0:35:04]} Rd8 {[%clk 0:24:04]} 19. Rad1 {[%clk 0:30:10]} Bf8
{[%clk 0:20:53]} 20. Nd2 {[%clk 0:28:18]} Qf7 {[%clk 0:11:02]} 21. Ne4
{[%clk 0:27:36]} d5 {[%clk 0:09:33]} 22. c4 {[%clk 0:09:57]} Be7 {[%clk 0:04:28]}
23. Nd6 {[%clk 0:01:51]} Bxd6 {[%clk 0:04:46]} 24. Bxd6 {[%clk 0:02:20]} dxc4
{[%clk 0:03:16]} 25. h4 {[%clk 0:00:44]} Be6 {[%clk 0:01:26]} 26. Re3
{[%clk 0:00:43]} Qd7 {[%clk 0:00:40]} 27. Rd4 {[%clk 0:00:41]} Bd5
{[%clk 0:00:55]} 28. Be7 {[%clk 0:00:43]} Re8 {[%clk 0:00:50]} 29. Bxf6
{[%clk 0:01:07]} Rxe3 {[%clk 0:00:54]} 30. Qxe3 {[%clk 0:01:09]} Rb1+
{[%clk 0:01:02]} 31. Kh2 {[%clk 0:01:32]} Qe6 {[%clk 0:00:54]} 32. Be5
{[%clk 0:01:05]} c3 {[%clk 0:00:52]} 33. Rf4 {[%clk 0:00:35]} Qe7
{[%clk 0:00:00]} 1-0

[Event "Moscow Open 2018 AB"]
[Site "?"]
[Date "2018.02.02"]
[Round "7.14"]
[White "Kovanova, Baira"]
[Black "Gaboyan, Susanna"]
[Result "1-0"]
[BlackElo "2168"]
[WhiteElo "2373"]
[LiveChessVersion "1.4.8"]

1. d4 {[%clk 1:30:59]} d5 {[%clk 1:29:19]} 2. Nf3 {[%clk 1:31:23]} e6
{[%clk 1:29:37]} 3. g3 {[%clk 1:29:25]} c5 {[%clk 1:29:35]} 4. Bg2
{[%clk 1:28:29]} Nc6 {[%clk 1:29:40]} 5. O-O {[%clk 1:26:29]} Nf6
{[%clk 1:29:26]} 6. c3 {[%clk 1:14:29]} Be7 {[%clk 1:26:24]} 7. b3
{[%clk 1:13:10]} b6 {[%clk 1:26:03]} 8. Bb2 {[%clk 1:10:39]} O-O {[%clk 1:26:08]}
9. Ne5 {[%clk 1:08:17]} Bb7 {[%clk 1:25:11]} 10. Nd2 {[%clk 1:07:38]} Rc8
{[%clk 1:22:21]} 11. e3 {[%clk 1:05:55]} Qc7 {[%clk 1:20:44]} 12. f4
{[%clk 1:03:29]} Rfd8 {[%clk 1:19:23]} 13. Rc1 {[%clk 1:00:06]} Ne8
{[%clk 1:17:59]} 14. Qe2 {[%clk 0:57:09]} Nd6 {[%clk 1:13:42]} 15. c4
{[%clk 0:46:40]} dxc4 {[%clk 1:11:38]} 16. dxc5 {[%clk 0:45:59]} bxc5
{[%clk 1:08:41]} 17. Ndxc4 {[%clk 0:46:16]} Nf5 {[%clk 1:06:28]} 18. Rfd1
{[%clk 0:37:11]} f6 {[%clk 0:51:06]} 19. Nxc6 {[%clk 0:27:52]} Bxc6
{[%clk 0:51:25]} 20. Bxc6 {[%clk 0:25:12]} Qxc6 {[%clk 0:51:16]} 21. Qg2
{[%clk 0:25:34]} Rd5 {[%clk 0:29:03]} 22. Re1 {[%clk 0:21:23]} Nd6
{[%clk 0:28:12]} 23. e4 {[%clk 0:19:03]} Rd3 {[%clk 0:24:46]} 24. Qe2
{[%clk 0:17:26]} Nxc4 {[%clk 0:24:51]} 25. Qxd3 {[%clk 0:15:10]} Nxb2
{[%clk 0:25:14]} 26. Qc2 {[%clk 0:15:36]} c4 {[%clk 0:25:10]} 27. Qxb2
{[%clk 0:16:02]} c3 {[%clk 0:25:37]} 28. Qc2 {[%clk 0:16:17]} Bc5+
{[%clk 0:25:27]} 29. Kg2 {[%clk 0:15:34]} Bd4 {[%clk 0:25:23]} 30. Qd3
{[%clk 0:15:39]} e5 {[%clk 0:25:12]} 31. Rc2 {[%clk 0:13:42]} h6 {[%clk 0:24:47]}
32. fxe5 {[%clk 0:12:22]} fxe5 {[%clk 0:24:47]} 33. Rf1 {[%clk 0:12:25]} Qb7
{[%clk 0:23:40]} 34. Qf3 {[%clk 0:12:23]} Kh8 {[%clk 0:23:48]} 35. Qg4
{[%clk 0:09:43]} Rg8 {[%clk 0:17:29]} 36. Qg6 {[%clk 0:09:36]} Qb5
{[%clk 0:17:56]} 37. Rf3 {[%clk 0:09:56]} Qb7 {[%clk 0:17:49]} 38. g4
{[%clk 0:07:03]} Qb6 {[%clk 0:12:41]} 39. Qxb6 {[%clk 0:04:44]} axb6
{[%clk 0:13:09]} 40. Kf1 {[%clk 0:30:53]} Rc8 {[%clk 0:42:55]} 41. a4
{[%clk 0:28:04]} Kg8 {[%clk 0:37:11]} 42. Ke2 {[%clk 0:27:42]} Rc6
{[%clk 0:36:56]} 43. Kd3 {[%clk 0:27:01]} Rc7 {[%clk 0:33:54]} 44. Rf1
{[%clk 0:25:42]} Rc6 {[%clk 0:33:52]} 45. b4 {[%clk 0:24:55]} Rc7
{[%clk 0:33:55]} 46. a5 {[%clk 0:21:39]} bxa5 {[%clk 0:28:46]} 47. bxa5
{[%clk 0:22:00]} Ra7 {[%clk 0:27:49]} 48. Ra2 {[%clk 0:20:03]} Ra6
{[%clk 0:27:49]} 49. Kc4 {[%clk 0:20:09]} Rc6+ {[%clk 0:28:02]} 50. Kb3
{[%clk 0:19:07]} Ra6 {[%clk 0:27:17]} 51. Rf3 {[%clk 0:13:23]} Rc6
{[%clk 0:27:04]} 52. Rc2 {[%clk 0:13:08]} Ra6 {[%clk 0:26:15]} 53. Kb4
{[%clk 0:13:11]} Ra8 {[%clk 0:26:41]} 54. Rfxc3 {[%clk 0:07:56]} Bxc3+
{[%clk 0:27:02]} 55. Rxc3 {[%clk 0:08:25]} Kf7 {[%clk 0:26:51]} 56. Ra3
{[%clk 0:07:17]} Kf6 {[%clk 0:26:23]} 57. h4 {[%clk 0:06:58]} Ke6
{[%clk 0:26:32]} 58. Kc5 {[%clk 0:04:43]} Rc8+ {[%clk 0:25:59]} 59. Kb6
{[%clk 0:05:08]} Rc1 {[%clk 0:25:29]} 60. a6 {[%clk 0:05:17]} Rb1+
{[%clk 0:25:51]} 61. Ka5 {[%clk 0:05:26]} Rb8 {[%clk 0:26:09]} 62. a7
{[%clk 0:05:51]} Kd5 1-0

[Event "Moscow Open 2018 AB"]
[Site "?"]
[Date "2018.02.02"]
[Round "7.15"]
[White "Maltsevskaya, Aleksandra"]
[Black "Kashlinskaya, Alina"]
[Result "1/2-1/2"]
[BlackElo "2459"]
[WhiteElo "2274"]
[LiveChessVersion "1.4.8"]

1. c4 {[%clk 1:30:57]} Nf6 {[%clk 1:30:09]} 2. Nf3 {[%clk 1:31:19]} g6
{[%clk 1:26:54]} 3. g3 {[%clk 1:31:34]} Bg7 {[%clk 1:27:02]} 4. Bg2
{[%clk 1:31:55]} O-O {[%clk 1:26:02]} 5. O-O {[%clk 1:32:17]} d6 {[%clk 1:17:48]}
6. d4 {[%clk 1:32:39]} Nc6 {[%clk 1:14:52]} 7. b3 {[%clk 1:32:42]} e5
{[%clk 1:13:02]} 8. dxe5 {[%clk 1:31:20]} Ng4 {[%clk 1:11:29]} 9. Bb2
{[%clk 1:31:27]} Ngxe5 {[%clk 1:10:24]} 10. Nxe5 {[%clk 1:30:08]} Nxe5
{[%clk 1:07:07]} 11. Nc3 {[%clk 1:29:55]} Be6 {[%clk 1:04:02]} 12. Qc2
{[%clk 1:23:05]} c6 {[%clk 0:53:44]} 13. Rad1 {[%clk 1:21:46]} Qc7
{[%clk 0:53:41]} 14. h3 {[%clk 1:18:33]} f5 {[%clk 0:45:52]} 15. f4
{[%clk 1:03:38]} Nf7 {[%clk 0:46:05]} 16. e4 {[%clk 1:03:57]} Rae8
{[%clk 0:41:29]} 17. Rfe1 {[%clk 0:55:50]} Nh6 {[%clk 0:36:57]} 18. Kh2
{[%clk 0:53:06]} Bc8 {[%clk 0:35:03]} 19. Qd2 {[%clk 0:52:02]} Qa5
{[%clk 0:31:45]} 20. Qc2 {[%clk 0:44:50]} Qc7 {[%clk 0:31:03]} 21. Qd2
{[%clk 0:39:57]} Qa5 {[%clk 0:31:14]} 22. Qc2 {[%clk 0:37:57]} 1/2-1/2